000 00443nam a2200169Ia 4500
001 25944
003 IN-NITTTR
005 20251114233327.0
008 251113s9999||||xx |||||||||||||| ||eng||
040 _beng
040 _cIN-NITTTR
041 _aeng
082 _a006.7 S51G
100 _aSomanatti, Umesha V.
245 0 _aGray scale still image compression using KOHONEN's self organizing map /
_cSomanatti, Umesha V.
942 _2ddc
_cBK
999 _c28573
_d28573